Statistics for Fathers of the Fellowship

Click here to take the quiz!

General Stats

  • This quiz has been taken 25 times
  • The average score is 6 of 8

Answer Stats

Fellowship MemberFather% Correct
GimliGloin
100%
AragornArathorn
87%
BoromirDenethor
87%
LegolasThranduil
80%
FrodoDrogo
67%
SamwiseHamfast
67%
PeregrinPaladin
60%
MeriadocSaradoc
60%

Score Distribution

Percentile by Number Answered

Percent of People with Each Score

Your Score History

You have not taken this quiz